| 000 | 01003nam a2200217Ii 4500 | ||
|---|---|---|---|
| 003 | JO-AjNU | ||
| 008 | 230605s9999||||xx |||||||||||||| ||und|| | ||
| 017 | _a2006/6/1603 | ||
| 040 |
_aJO-AjNU _bara _erda _cJO-AjNU |
||
| 041 | _aara | ||
| 050 | 1 | 4 | _aKMM126.A48.H37.2006 |
| 100 | 3 |
_aحتاملة، قيصر محمد , _eauthor _947084 |
|
| 245 | 0 | 0 | _aالحماية القانونية للرسوم الصناعية والنماذج الصناعية وفق التشريعات الأردنية |
| 250 | _a(د،ط) | ||
| 264 | 3 | 1 | _aاربد : قيصر محمد حتاملة ، 2006 |
| 300 |
_a236ص _bيشتمل على مراجع ص (223 - 232 ) |
||
| 336 |
_atext _btxt _2rdacontent |
||
| 337 |
_aunmediated _bn _2rdamedia |
||
| 338 |
_avolume _bnc _2rdacarrier |
||
| 650 | 4 |
_aملكية فكرية -- قوانين وأنظمة -- الأردن -- ملكية صناعية -- قوانين و أنظمة -- الأردن -- علامات تجارية -- قوانين و أنظمة -- الأردن _947085 |
|
| 999 |
_aA20529 _c24097 _d24097 |
||